| 000 | 00590nam a22002057a 4500 | ||
|---|---|---|---|
| 005 | 20140313100408.0 | ||
| 008 | 140107b xxu||||| |||| 00| 0 eng d | ||
| 020 | _a9781448868100 | ||
| 050 |
_aHV 6773.15.C92 _b.P485 2013 |
||
| 100 | _aPeterson, Judy Monroe. | ||
| 245 |
_aHow to beat cyberbullying / _bJudy Monroe Peterson. |
||
| 250 | _a1st ed. | ||
| 260 |
_aNew York : _bRosen Central, _c2013. |
||
| 300 |
_a48 p. : _bcol. ill. ; _c24 cm. |
||
| 521 | _aPSYCH | ||
| 650 |
_aCyberbullying _xPrevention. |
||
| 650 | _aCyberbullying. | ||
| 942 |
_2lcc _cBK _kFOR |
||
| 999 |
_c25905 _d25905 |
||